Composting technology /

Saved in:
நூற்பட்டியல் விவரங்கள்
மற்ற எழுத்தாளர்கள்: Baggayan, Juliana L.
வடிவம்: புத்தகம்
மொழி:English
வெளியீடப்பட்டது: Banilad, Mandaue City : Ecosystems Research and Development Service, Dept. of Environment and Natural Resources, Region 7, [1997]
தொகுதி:Technology transfer series (Philippines. Ecosystems Research and Development Service. Region VII) ; vol. 8, no. 1.
பகுதிகள்:
குறியீடுகள்: குறிச்சொல் இணை
குறியீடுகள் இல்லை, இந்த குறிச்சொல்லை முதலில் பதிவு செய்யுங்கள்!
LEADER 01044nam a2200253Ia 4500
001 007768740-X
005 20020606104010.5
008 980714s1997 ph af b 000 0 eng d
035 0 |a ocm39478991 
040 |a BOH  |c BOH 
050 4 |a TD796.5  |b .C66 1997x 
245 0 0 |a Composting technology /  |c compiled by Juliana L. Baggayan. 
260 |a Banilad, Mandaue City :  |b Ecosystems Research and Development Service, Dept. of Environment and Natural Resources, Region 7,  |c [1997] 
300 |a 28, [1] p. :  |b ill. ;  |c 23 cm. 
490 1 |a Technology transfer series ;  |v vol. 8, no. 1 
500 |a "January-June 1997"--Cover. 
504 |a Includes bibliographical references (p. [29]). 
650 0 |a Compost  |v Handbooks, manuals, etc. 
650 0 |a Trichoderma  |x Industrial applications  |v Handbooks, manuals, etc. 
655 7 |a Handbooks, manuals, etc.  |2 fast 
700 1 |a Baggayan, Juliana L. 
830 0 |a Technology transfer series (Philippines. Ecosystems Research and Development Service. Region VII) ;  |v vol. 8, no. 1. 
988 |a 20020608 
906 |0 MH